000 01098nabaa22002057a 4500
999 _c6298
_d6298
003 OSt
005 20260129020329.0
008 190701b xxu||||| |||| 00| 0 spa d
040 _cPJ
100 _96982
_aBerriel, Natalie
245 1 0 _aImpacto del dec. 780/2024 en la Ley de Acceso a la Información Pública /
_b
_cNatalie Berriel.
300 _ap. 114-124
500 _aCita: TR LALEY AR/DOC/808/2025
505 _aSumario: I. Introducción.— II. El principio de buena fe: un nuevo enfoque. — III. Modificaciones en las definiciones clave.— IV. Nuevos requisitos para la solicitud de información.— V. Modificación de las excepciones al acceso a la información.— VI. Nuevas funciones.— VII. Conclusión.— VIII. Bibliografía.
505 _t¿Te interesa el texto completo? Comunicate al correo: koha@justierradelfuego.gov.ar
650 0 _9211
_aDERECHO ADMINISTRATIVO
650 0 _95529
_aACCESO A LA INFORMACIÓN PÚBLICA
773 0 _02842
_93251
_dBuenos Aires : AbeledoPerrot, 2012-
_oDA121
_tDerecho administrativo. Nº 159 mayo/junio 2025
_z18510590
942 _2udc
_cANA